000 00440nam a2200193Ia 4500
008 240510s9999 xx 000 0 und d
020 _a0008173662525
041 _aEng
082 _a004.678
082 _bF56
100 _aFORD A.
245 0 _aAPCHE : POCKET REFERENCE
260 _bMUMBAI : OREILLY
260 _c2000
300 _a104 p.
650 _aAPACHE : WEB SERVER : COMPUTER NETWORKS
942 _2ddc
942 _cRBK
999 _c26797
_d26797
945 _a1
_bMadushi Gamage
_c1
_dMadushi Gamage